Peronismo | Filosofía política de la persistencia (Registro nro. 477)
[ vista simple ]
| 000 -CABECERA | |
|---|---|
| fixed length control field | 00683nam a2200205Ia 4500 |
| 003 - CONTROL NUMBER IDENTIFIER | |
| control field | AR-BeUNQ |
| 005 - FECHA Y HORA DE LA ULTIMA TRANSACCION | |
| control field | 20250408192125.0 |
| 008 - ELEMENTOS DE LONGITUD FIJA-INFORMACION GENERAL | |
| fixed length control field | 221202s9999 xx 000 0 und d |
| 020 ## - NUMERO INTERNACIONAL NORMALIZADO PARA LIBROS | |
| Número Internacional Normalizado del libro | 9789504923794 |
| 040 ## - FUENTE DE CATALOGACION | |
| Agencia de catalogación original | AR-BeUNQ |
| Idioma de catalogación | ESPAÑOL |
| Convenciones de la descripción | aacr |
| Agencia que realiza la transcripción | AR-BeUNQ |
| 100 ## - ASIENTO PRINCIPAL-NOMBRE PERSONAL | |
| Nombre personal | Feinmann, José Pablo. |
| 245 #0 - MENCION DE TITULO | |
| Título | Peronismo |
| Otra información sobre el título | Filosofía política de la persistencia |
| 250 ## - MENCION DE EDICION | |
| Mención de edición | 1a ed. |
| 260 ## - PUBLICACION, DISTRIBUCION, ETC. | |
| Lugar de publicación, distribución, etc. | Buenos Aires |
| Nombre del editor, distribuidor, etc. | Planeta |
| Fecha de publicación, distribución, etc | 2011 |
| 300 ## - DESCRIPCION FISICA | |
| Extensión | 744 p.; |
| Dimensiones | 23 x 15 cm |
| 546 ## - NOTA DE IDIOMA | |
| Nota de idioma | Español |
| 929 ## - DATOS DE ADQUISICION | |
| Proveedor | Ministerio de Educación de la Nación |
| Fecha de recibido | 2017 |
| Procedencia | DONACION |
| Número de inventario | 58193 |
| Patrimonio UNQ | PAT0081510 |
| Precio | 0 |
| Es copia | v.1 |
| 929 ## - DATOS DE ADQUISICION | |
| Proveedor | Ministerio de Educación de la Nación |
| Fecha de recibido | 2017 |
| Procedencia | DONACION |
| Número de inventario | 58194 |
| Patrimonio UNQ | PAT0083256 |
| Precio | 0 |
| Es copia | v.2 |
| 942 ## - ELEMENTOS DE PUNTO DE ACCESO ADICIONAL (KOHA) | |
| Tipo de ítem Koha | Libros |
| Suppress in OPAC | 0 |
| Estado de retiro | Estado de pérdida | Ubicación permanente | Ubicación actual | Ubicación en estantería | Fecha de ingreso | Signatura topográfica completa | Inventario | Date last seen | Número de copia | Tipo de ítem Koha | Operador |
|---|---|---|---|---|---|---|---|---|---|---|---|
| Biblioteca ESET - UNQ | Biblioteca ESET - UNQ | CIRCULACION | 02/12/2022 | 320 FEI | 58193 | 02/12/2022 | v.1 | Libros | Gladys Alarcon | ||
| Biblioteca ESET - UNQ | Biblioteca ESET - UNQ | CIRCULACION | 08/04/2025 | 320 FEI | 58194 | 08/04/2025 | v.2 | Libros | Gladys Alarcon |